[Event "USA tt"]
[Site "ICC INT"]
[Date "2012.09.05"]
[Round "1"]
[White "Erenburg, Sergey"]
[Black "Enkhbat, Tegshsuren"]
[Result "1/2-1/2"]
[WhiteElo "2629"]
[BlackElo "2424"]
[PlyCount "163"]
[EventDate "2012.09.04"]
[EventType "team-tourn"]
[EventRounds "10"]
[EventCountry "USA"]
[SourceTitle "CBM 150 Extra"]
[Source "ChessBase"]
[SourceDate "2012.10.19"]
[SourceVersion "1"]
[SourceVersionDate "2012.10.19"]
[SourceQuality "1"]
[WhiteTeam "Philadelphia"]
[BlackTeam "Baltimore"]
[WhiteTeamCountry "USA"]
[BlackTeamCountry "USA"]

1. e4 c6 2. d4 d5 3. e5 Bf5 4. Nf3 e6 5. Be2 c5 6. 0-0 Nc6 7. c3 Bg6 8. a3 Nh6 9. b4 cxd4 10. cxd4 Be7 11. Bxh6 gxh6 12. Nbd2 0-0 13. Nb3 Rc8 14. Qd2 Kg7 15. Nc5 Bxc5 16. dxc5 f6 17. Nd4 Nxd4 18. Qxd4 fxe5 19. Qxe5+ Qf6 20. f4 b6 21. cxb6 axb6 22. Bg4 Rc2 23. Bxe6 Qxe5 24. fxe5 Be4 25. Bh3 Re8 26. Rf6 Rxe5 27. Raf1 Re7 28. Rxb6 Ra2 29. Re1 Ra7 30. Rc1 R2xa3 31. b5 Rb3 32. g3 Rb2 33. Bf1 h5 34. Rd6 Rb7 35. Rdc6 Rf7 36. b6 Rf6 37. Rc7+ Kg6 38. b7 Rfb6 39. R1c6+ Rxc6 40. Rxc6+ Kf5 41. Ba6 d4 42. Rc7 d3 43. Rd7 d2 44. Rxd2 Rb6 45. Rd7 Ke6 46. Rg7 Rb2 47. Kf1 Kd6 48. Ke1 Ke6 49. Kd1 Kd6 50. Kc1 Rc2+ 51. Kd1 Rb2 52. Ke1 Ke6 53. Kd1 Kd6 54. h4 Ke6 55. Ke1 Kd6 56. Rg5 Bxb7 57. Bd3 Bf3 58. Bxh7 Bg4 59. Bf5 Bf3 60. Bd3 Bg4 61. Kf1 Rb3 62. Bg6 Rxg3 63. Bxh5 Bh3+ 64. Kf2 Rxg5 65. hxg5 Ke5 66. Kg3 Bf5 67. Bf7 Bd3 68. Kg4 Be2+ 69. Kh4 Bd1 70. Bh5 Bc2 71. Bg4 Bg6 72. Kg3 Kd6 73. Kf4 Ke7 74. Ke5 Kf7 75. Be6+ Kg7 76. Bf5 Bxf5 77. Kxf5 Kf7 78. g6+ Kg7 79. Kg5 Kg8 80. Kf6 Kf8 81. g7+ Kg8 82. Kg6 1/2-1/2

[Event "USA tt"]
[Site "ICC INT"]
[Date "2011.10.24"]
[Round "9"]
[White "Enkhbat, Tegshsuren"]
[Black "Van de Mortel, Jan"]
[Result "1/2-1/2"]
[WhiteElo "2364"]
[BlackElo "2416"]
[PlyCount "137"]
[EventDate "2011.08.29"]
[EventType "team-tourn"]
[EventRounds "10"]
[EventCountry "USA"]
[SourceTitle "EXT 2012"]
[Source "ChessBase"]
[SourceDate "2011.11.24"]
[SourceVersion "1"]
[SourceVersionDate "2011.11.24"]
[SourceQuality "1"]
[WhiteTeam "Baltimore"]
[BlackTeam "Boston Blitz"]
[WhiteTeamCountry "USA"]
[BlackTeamCountry "USA"]

1. d4 d5 2. c4 c6 3. Nf3 Nf6 4. Qb3 dxc4 5. Qxc4 Bf5 6. g3 e6 7. Bg2 Nbd7 8. 0-0 Be7 9. Rd1 0-0 10. e3 Qc7 11. h3 c5 12. Nc3 Ne4 13. Nd2 Nd6 14. Qe2 cxd4 15. exd4 Nf6 16. Nb3 Rad8 17. Bf4 b6 18. Rac1 Qd7 19. g4 Bg6 20. Nc5 Qe8 21. Na6 Rc8 22. a4 Qd7 23. d5 exd5 24. Nxd5 Nxd5 25. Rxd5 Rxc1+ 26. Bxc1 Qe6 27. Qxe6 fxe6 28. Rd4 e5 29. Rd5 Rc8 30. Bd2 Bf7 31. Rxe5 Bf6 32. Re1 Nc4 33. Bc3 Nxb2 34. Bxf6 gxf6 35. Re7 Rc4 36. Nb8 Rxa4 37. Nd7 Rf4 38. Kh2 Rxf2 39. Kg3 Nd1 40. Bf3 Rd2 41. Nxf6+ Kf8 42. Rxa7 h6 43. Rb7 Nc3 44. Nd7+ Kg8 45. Ne5 Bd5 46. Rxb6 Ne2+ 47. Bxe2 Rxe2 48. Nd7 Kg7 49. Nf6 Bf7 50. Nd7 Re7 51. Rd6 Re3+ 52. Kh4 Bc4 53. Nf6 Bf7 54. Nd7 Bc4 55. Rd1 Rd3 56. Rxd3 Bxd3 57. Ne5 Bb5 58. Kg3 Kf6 59. Kf4 Bf1 60. h4 Bb5 61. Nf3 Bd7 62. Nd4 Kg6 63. h5+ Kh7 64. Nf5 Bb5 65. Ke5 Be2 66. Ne3 Kg7 67. Nf5+ Kh7 68. Ne3 Kg7 69. Nf5+ 1/2-1/2

[Event "USA tt"]
[Site "ICC INT"]
[Date "2011.10.19"]
[Round "8"]
[White "Zaremba, Andrie"]
[Black "Enkhbat, Tegshsuren"]
[Result "1-0"]
[WhiteElo "2348"]
[BlackElo "2364"]
[PlyCount "91"]
[EventDate "2011.08.29"]
[EventType "team-tourn"]
[EventRounds "10"]
[EventCountry "USA"]
[SourceTitle "CBM 144 Extra"]
[Source "ChessBase"]
[SourceDate "2011.10.28"]
[SourceVersion "1"]
[SourceVersionDate "2011.10.28"]
[SourceQuality "1"]
[WhiteTeam "Manhattan Applesauce"]
[BlackTeam "Baltimore"]
[WhiteTeamCountry "USA"]
[BlackTeamCountry "USA"]

1. e4 c6 2. Nf3 d5 3. Nc3 Bg4 4. h3 Bxf3 5. Qxf3 Nf6 6. d3 e6 7. g4 Bb4 8. Bd2 d4 9. Nb1 Qb6 10. c3 dxc3 11. Nxc3 c5 12. g5 Nfd7 13. Bg2 Nc6 14. 0-0 Nd4 15. Qd1 0-0 16. Rb1 Ba5 17. f4 Rfd8 18. Be3 Nf8 19. Ne2 Qd6 20. Bxd4 cxd4 21. e5 Qd7 22. b4 Bb6 23. a4 Rab8 24. Be4 Ng6 25. Ng3 Ne7 26. a5 Bc7 27. Rc1 Nf5 28. Qf3 Nxg3 29. Qxg3 Re8 30. Rc4 Bd8 31. Rfc1 Be7 32. a6 bxa6 33. Bc6 Qd8 34. Bxe8 Qxe8 35. Qe1 Qf8 36. Qe4 g6 37. Qxd4 Bxb4 38. Qxa7 Rd8 39. Qxa6 Bd2 40. R1c2 Be3+ 41. Kg2 Kg7 42. Rc7 Qe8 43. Kf3 Bd4 44. Qb7 Bg1 45. Re7 Rxd3+ 46. Kg2 1-0

[Event "USA tt"]
[Site "ICC INT"]
[Date "2011.10.12"]
[Round "7"]
[White "Korley, Kassa"]
[Black "Enkhbat, Tegshsuren"]
[Result "1-0"]
[WhiteElo "2350"]
[BlackElo "2364"]
[PlyCount "55"]
[EventDate "2011.08.29"]
[EventType "team-tourn"]
[EventRounds "10"]
[EventCountry "USA"]
[SourceTitle "CBM 144 Extra"]
[Source "ChessBase"]
[SourceDate "2011.10.28"]
[SourceVersion "1"]
[SourceVersionDate "2011.10.28"]
[SourceQuality "1"]
[WhiteTeam "Carolina Cobras"]
[BlackTeam "Baltimore"]
[WhiteTeamCountry "USA"]
[BlackTeamCountry "USA"]

1. Nf3 d5 2. c4 c6 3. d4 Nf6 4. Nc3 a6 5. g3 dxc4 6. Bg2 b5 7. Ne5 Bb7 8. 0-0 e6 9. a4 Nd5 10. e4 Nxc3 11. bxc3 Nd7 12. f4 Be7 13. Rb1 Nxe5 14. fxe5 0-0 15. Qg4 Kh8 16. axb5 axb5 17. h4 c5 18. Rxb5 Bc6 19. Rb2 cxd4 20. Rbf2 d3 21. Rxf7 Rxf7 22. Rxf7 Bf8 23. Qxe6 Ra1 24. Rf1 Bc5+ 25. Kh2 Rxc1 26. Rxc1 Ba4 27. Qxc4 Be3 28. Ra1 1-0

[Event "Continental Class-ch"]
[Site "Arlington"]
[Date "2011.10.08"]
[Round "4"]
[White "Friedel, Joshua E"]
[Black "Enkhbat, Tegshsuren"]
[Result "0-1"]
[WhiteElo "2518"]
[BlackElo "2364"]
[PlyCount "76"]
[EventDate "2011.10.06"]
[EventType "swiss"]
[EventRounds "9"]
[EventCountry "USA"]
[SourceTitle "CBM 144 Extra"]
[Source "ChessBase"]
[SourceDate "2011.10.28"]
[SourceVersion "1"]
[SourceVersionDate "2011.10.28"]
[SourceQuality "1"]

1. e4 c6 2. d4 d5 3. e5 Bf5 4. Nd2 e6 5. Nb3 Nd7 6. Nf3 Ne7 7. Be2 Nc8 8. 0-0 Be7 9. a4 0-0 10. a5 a6 11. Be3 Na7 12. c4 dxc4 13. Bxc4 Nb5 14. Bd3 Bxd3 15. Qxd3 Nc7 16. Rfd1 Nd5 17. Nfd2 f6 18. exf6 Bxf6 19. Nc4 e5 20. Nc5 Nxc5 21. dxc5 Qe7 22. Nd6 Rad8 23. Qb3 Rd7 24. Ne4 Kh8 25. Rd2 Qf7 26. Rad1 Qg6 27. f3 Bd8 28. Nd6 Nxe3 29. Qxe3 Bg5 30. Qxe5 Re7 31. Qc3 Bxd2 32. Qxd2 Rxf3 33. Nxb7 h6 34. Qd6 Re6 35. Qd2 Rfe3 36. Qf2 Re2 37. Qf3 R6e3 38. Qf1 Qc2 0-1

[Event "USA tt"]
[Site "ICC INT"]
[Date "2011.09.28"]
[Round "5"]
[White "Enkhbat, Tegshsuren"]
[Black "Bartell, Thomas"]
[Result "1/2-1/2"]
[WhiteElo "2364"]
[BlackElo "2342"]
[PlyCount "107"]
[EventDate "2011.08.29"]
[EventType "team-tourn"]
[EventRounds "10"]
[EventCountry "USA"]
[SourceTitle "CBM 144 Extra"]
[Source "ChessBase"]
[SourceDate "2011.10.28"]
[SourceVersion "1"]
[SourceVersionDate "2011.10.28"]
[SourceQuality "1"]
[WhiteTeam "Baltimore"]
[BlackTeam "Philadelphia Inventors"]
[WhiteTeamCountry "USA"]
[BlackTeamCountry "USA"]

1. d4 Nf6 2. c4 g6 3. Nf3 Bg7 4. g3 d5 5. cxd5 Nxd5 6. Bg2 Nb6 7. Nc3 0-0 8. 0-0 Nc6 9. d5 Na5 10. e4 c6 11. Nd4 cxd5 12. exd5 Nac4 13. b3 Nd6 14. a4 Nf5 15. Nde2 e6 16. dxe6 Bxe6 17. Ba3 Re8 18. Rb1 Rc8 19. Bb4 Nd7 20. Nd5 Bxd5 21. Bxd5 Nf6 22. Bf3 Qb6 23. Bc3 Rxe2 24. Bxf6 Rxf2 25. Rxf2 Bxf6 26. a5 Qxa5 27. Kh1 Qb6 28. Rd2 h5 29. Rd7 Ne3 30. Qd6 Qxd6 31. Rxd6 Kg7 32. Rd7 Rc2 33. Rd3 Nf5 34. Bxb7 h4 35. g4 Nd4 36. Rbd1 Ne6 37. R3d2 Rc3 38. Bd5 Ng5 39. Rf1 Be5 40. Bxf7 h3 41. Bc4 a5 42. Bd5 Rc5 43. Bc4 a4 44. Rd5 Rxd5 45. Bxd5 a3 46. b4 Ne4 47. Rf7+ Kh6 48. Ra7 Nf2+ 49. Kg1 Bd4 50. Rxa3 Nxg4+ 51. Kf1 Ne3+ 52. Rxe3 Bxe3 53. Be6 Bf4 54. Bxh3 1/2-1/2